[Event "Kieler Open 2014-A"]
[Site "Kiel"]
[Date "2014.08.05"]
[Round "6.27"]
[White "Gwiazda, Slawomir"]
[Black "Christensen, Andreas"]
[Result "1-0"]
[WhiteElo "1969"]
[BlackElo "1733"]
[Annotator "FS"]
[PlyCount "147"]
[EventDate "2014.??.??"]
[BlackTeam "Hamburger SK"]

1. d4 e6 2. Nf3 c5 3. c3 Qb6 4. g3 d6 5. Bg2 Bd7 6. O-O Nf6 7. Nbd2 Bc6 8. Nc4
Qc7 9. dxc5 Bd5 10. Nxd6+ Bxd6 11. cxd6 Qd8 12. Bg5 h6 13. Bxf6 gxf6 14. c4
Bxc4 15. Qa4+ b5 16. Qb4 O-O 17. Qd2 Kh7 18. Nd4 Bd5 19. Bxd5 exd5 20. Nf5 Kg6
21. Qxd5 Nd7 22. Rac1 Qa5 23. Rc7 Ne5 24. Ne7+ Kg7 25. Nc6 Nxc6 26. Rxc6 Rad8
27. d7 Qa4 28. h3 b4 29. Rfc1 a6 30. R1c4 f5 31. Qd2 f6 32. Qd5 Rf7 33. Qxf5
Qd1+ 34. Kh2 Qxd7 35. Rg4+ Kh8 36. Qxd7 Rdxd7 37. Rxa6 b3 38. axb3 Rd2 39. Re6
Rxb2 40. b4 Kh7 41. Kg2 h5 42. Rge4 Kg6 43. Rb6 Kg7 44. Kf3 Rd7 45. b5 Rd5 46.
Re7+ Kg6 47. Ree6 Rf5+ 48. Kg2 Kf7 49. f4 h4 50. Kf3 hxg3 51. Kxg3 Kg6 52. e4
Rc5 53. Rxf6+ Kg7 54. Rfc6 Rxc6 55. Rxc6 Rxb5 56. Kg4 Ra5 57. e5 Ra1 58. Kf5
Ra7 59. Rd6 Rf7+ 60. Kg5 Ra7 61. f5 Kh8 62. f6 Kh7 63. Kf5 Kg8 64. Kg6 Rg7+ 65.
Kf5 Ra7 66. e6 Ra5+ 67. Kg6 Ra8 68. Rd7 Kh8 69. e7 Rg8+ 70. Kf7 Re8 71. Rd8
Rxd8 72. exd8=Q+ Kh7 73. Qg8+ Kh6 74. Qg6# 1-0

[Event "Kieler Open 2014-A"]
[Site "Kiel"]
[Date "2014.08.05"]
[Round "6.28"]
[White "Rohmann, Volker"]
[Black "Meyer, Jürgen"]
[Result "1/2-1/2"]
[WhiteElo "1850"]
[BlackElo "1955"]
[Annotator "FS"]
[PlyCount "91"]
[EventDate "2014.??.??"]
[WhiteTeam "Friedrichsort"]
[BlackTeam "Heide"]

1. e4 e6 2. d4 d5 3. e5 c5 4. c3 Qb6 5. Nf3 Bd7 6. Be2 Bb5 7. O-O Bxe2 8. Qxe2
Qa6 9. Qd1 Nc6 10. a3 c4 11. Bf4 Nge7 12. Nbd2 Na5 13. Re1 Qc6 14. Qc2 h5 15.
h4 Nf5 16. g3 b5 17. Bg5 Rc8 18. Nf1 Nb3 19. Rab1 a5 20. N1d2 a4 21. Nf1 Kd7
22. Ne3 Ne7 23. Rbd1 Kc7 24. Ng2 Qd7 25. Qe2 Re8 26. Nf4 Nf5 27. Nh3 Na5 28.
Kg2 Nc6 29. Qc2 Kb6 30. Re2 Nce7 31. Bxe7 Nxe7 32. Rde1 Nc6 33. Nfg5 Nd8 34.
Qd2 Be7 35. Qf4 Ref8 36. Qe3 Qe8 37. f4 g6 38. Nf3 Nc6 39. Nhg5 Na5 40. Qd2 Nb3
41. Qc2 Rfg8 42. Rd1 Qf8 43. Qb1 Qg7 44. Ne1 Rd8 45. Nc2 Rd7 46. Rde1 1/2-1/2

[Event "Kieler Open 2014-A"]
[Site "Kiel"]
[Date "2014.08.05"]
[Round "6.29"]
[White "Andersen, Niels Erik"]
[Black "Malchau, Jochen"]
[Result "1-0"]
[WhiteElo "1947"]
[BlackElo "1664"]
[Annotator "FS"]
[PlyCount "71"]
[EventDate "2014.??.??"]
[BlackTeam "Greifswald"]

1. d4 d5 2. c4 e6 3. Nc3 Nf6 4. cxd5 exd5 5. Bg5 c6 6. Qc2 Be7 7. e3 Bg4 8. Bd3
Bh5 9. Nge2 Bg6 10. Ng3 Nbd7 11. Nf5 Bxf5 12. Bxf5 O-O 13. O-O Re8 14. a3 h6
15. Bf4 Nb6 16. b3 Bd6 17. Bxd6 Qxd6 18. a4 a6 19. a5 Nbd7 20. b4 Qxb4 21. Rfb1
Qd6 22. Rxb7 Reb8 23. Rxb8+ Rxb8 24. g3 c5 25. dxc5 Qxc5 26. Rc1 g5 27. Bxd7
Nxd7 28. Qf5 Rb3 29. Ne2 Qb5 30. Nd4 Qd3 31. Qxd7 Rb1 32. Qe8+ Kg7 33. Rxb1
Qxb1+ 34. Kg2 Kf6 35. Qd8+ Ke5 36. Qe7# 1-0

[Event "Kieler Open 2014-A"]
[Site "Kiel"]
[Date "2014.08.05"]
[Round "6.30"]
[White "Garcia Ruiz, Adrian"]
[Black "Boyens, Birger"]
[Result "1/2-1/2"]
[WhiteElo "1794"]
[BlackElo "1925"]
[Annotator "FS"]
[PlyCount "92"]
[EventDate "2014.??.??"]
[BlackTeam "Husum"]

1. e4 c5 2. Nf3 Nc6 3. d4 cxd4 4. Nxd4 Nf6 5. Nc3 e5 6. Ndb5 d6 7. Bg5 a6 8.
Na3 b5 9. Bxf6 gxf6 10. Nd5 f5 11. Bd3 Be6 12. O-O Bg7 13. Qh5 f4 14. c4 b4 15.
Nc2 Rb8 16. Rfd1 O-O 17. Ne1 Qd7 18. h3 Nd4 19. Nf3 Nxf3+ 20. Qxf3 Bxd5 21.
cxd5 a5 22. Rdc1 Rfc8 23. Qe2 Rxc1+ 24. Rxc1 Rc8 25. Rxc8+ Qxc8 26. Qc2 Qxc2
27. Bxc2 Kf8 28. Kf1 Ke7 29. Ke2 Kd8 30. Kd3 Kc7 31. Kc4 Kb6 32. Ba4 f6 33. Bd7
h6 34. Be8 Bf8 35. a3 bxa3 36. bxa3 Be7 37. a4 Bd8 38. g3 fxg3 39. fxg3 Bc7 40.
Kd3 Kc5 41. Ke3 f5 42. exf5 Kxd5 43. Bf7+ Kc5 44. Ke4 Bd8 45. g4 Bf6 46. Be6
Bg5 1/2-1/2

[Event "Kieler Open 2014-A"]
[Site "Kiel"]
[Date "2014.08.05"]
[Round "6.31"]
[White "Blanco-Cardenas, Ernesto"]
[Black "Nahnsen, Kenneth"]
[Result "1/2-1/2"]
[WhiteElo "1875"]
[BlackElo "1794"]
[Annotator "FS"]
[PlyCount "46"]
[EventDate "2014.??.??"]
[WhiteTeam "Kieler SG"]
[BlackTeam "Doppelbauer Kiel"]

1. d4 d5 2. Nf3 c6 3. g3 e6 4. Bg2 f5 5. c4 Nf6 6. Nc3 Bd6 7. b3 O-O 8. O-O Qe7
9. Bb2 Nbd7 10. Rc1 Ne4 11. Nd2 Nxc3 12. Bxc3 b6 13. Bb2 Bb7 14. e3 Rac8 15.
Qe2 Rfd8 16. f4 c5 17. Nf3 Nf6 18. Ne5 Ne4 19. Bxe4 dxe4 20. dxc5 Bxc5 21. Rfd1
a5 22. Kf2 Ba3 23. Rc2 Bb4 1/2-1/2

[Event "Kieler Open 2014-A"]
[Site "Kiel"]
[Date "2014.08.05"]
[Round "6.32"]
[White "Bienert, Marco"]
[Black "Hartwig, Sebastian"]
[Result "0-1"]
[WhiteElo "1758"]
[BlackElo "1891"]
[Annotator "FS"]
[PlyCount "56"]
[EventDate "2014.??.??"]
[BlackTeam "Neustadt"]

1. e4 c5 2. Nf3 d6 3. Bb5+ Bd7 4. Bxd7+ Nxd7 5. d4 cxd4 6. Qxd4 Ngf6 7. c4 g6
8. Nc3 Bg7 9. Bg5 O-O 10. Qd2 Rc8 11. Qe2 Nb6 12. Rd1 h6 13. Bxf6 Bxf6 14. e5
Bg7 15. b3 Qc7 16. Nb5 Qc5 17. exd6 exd6 18. O-O d5 19. cxd5 a6 20. Nbd4 Rfe8
21. Qd2 Nxd5 22. Rc1 Nc3 23. Rc2 Red8 24. Rfc1 Bxd4 25. Nxd4 Rxd4 26. Qe1 Re4
27. Qxe4 Nxe4 28. Rxc5 Rxc5 0-1

[Event "Kieler Open 2014-A"]
[Site "Kiel"]
[Date "2014.08.05"]
[Round "6.33"]
[White "Oltzen, Samuel"]
[Black "Müller, Winus"]
[Result "1-0"]
[WhiteElo "1847"]
[BlackElo "2049"]
[Annotator "FS"]
[PlyCount "43"]
[EventDate "2014.??.??"]
[WhiteTeam "Lübeck"]

1. e4 e5 2. Nf3 Nc6 3. Bc4 Bc5 4. b4 Bxb4 5. c3 Ba5 6. d4 exd4 7. O-O d6 8.
cxd4 Qe7 9. Bb2 Bg4 10. Bb5 Bxf3 11. Qxf3 Kf8 12. Na3 Bb6 13. Rad1 h5 14. Rfe1
h4 15. e5 Na5 16. exd6 Qxd6 17. Nc2 Qg6 18. Ba3+ Ne7 19. Rxe7 Kg8 20. Rde1 f6
21. Qd5+ Kh7 22. Bd3 1-0

[Event "Kieler Open 2014-A"]
[Site "Kiel"]
[Date "2014.08.05"]
[Round "6.34"]
[White "Scepanik, Hans-Jürgen"]
[Black "Henschen, Patrick"]
[Result "1-0"]
[WhiteElo "1958"]
[BlackElo "1667"]
[Annotator "FS"]
[PlyCount "49"]
[EventDate "2014.??.??"]
[WhiteTeam "Kieler SG"]
[BlackTeam "Segeberg"]

1. d4 g6 2. Nf3 Bg7 3. c3 Nf6 4. Bg5 d6 5. Nbd2 a6 6. e4 Nbd7 7. Bd3 O-O 8. O-O
c5 9. d5 h6 10. Bf4 Nh5 11. Be3 b5 12. Re1 c4 13. Bc2 Qc7 14. Nd4 Nc5 15. Nf5
Bxf5 16. exf5 Nf6 17. fxg6 fxg6 18. Nf3 g5 19. Nd4 Nxd5 20. Bxg5 Nxc3 21. Qh5
N3a4 22. Bxh6 Bxh6 23. Qxh6 e5 24. Nf5 Nd3 25. Re3 1-0

[Event "Kieler Open 2014-A"]
[Site "Kiel"]
[Date "2014.08.05"]
[Round "6.35"]
[White "Werner, René"]
[Black "Martinez-Corrales, Vladimir"]
[Result "1-0"]
[WhiteElo "1890"]
[BlackElo "1708"]
[Annotator "FS"]
[PlyCount "90"]
[EventDate "2014.??.??"]
[WhiteTeam "Kieler SG"]
[BlackTeam "Holsatia Kiel"]

1. d4 c6 2. c4 d5 3. cxd5 cxd5 4. Bf4 Nf6 5. Nc3 g6 6. Nf3 Bg7 7. e3 a6 8. Rc1
Nc6 9. h3 O-O 10. a3 Bd7 11. Ne5 e6 12. Bd3 Rc8 13. Nxc6 Bxc6 14. O-O Re8 15.
Be5 Nd7 16. Bxg7 Kxg7 17. f4 f5 18. g4 Qh4 19. Qf3 fxg4 20. hxg4 Nf6 21. Be2 g5
22. Rf2 Qh6 23. Bd3 Ne4 24. Rh2 Qf6 25. Ne2 h6 26. Kg2 Rh8 27. Rch1 Ba4 28. Ng3
Nxg3 29. Kxg3 gxf4+ 30. Qxf4 Qxf4+ 31. exf4 Bd7 32. Rh5 Rcf8 33. g5 Be8 34.
Rxh6 Bf7 35. Rh7+ Rxh7 36. Rxh7+ Kg8 37. g6 Be8 38. Rxb7 Bb5 39. Bxb5 axb5 40.
Kg4 Rc8 41. Kg5 Rf8 42. Kh6 Rc8 43. Rxb5 Re8 44. Rb7 Rc8 45. b4 Kf8 1-0

[Event "Kieler Open 2014-A"]
[Site "Kiel"]
[Date "2014.08.05"]
[Round "6.36"]
[White "Dreessen, Jakob"]
[Black "Petersen, Finn Christopher"]
[Result "1/2-1/2"]
[WhiteElo "1869"]
[BlackElo "1616"]
[Annotator "FS"]
[PlyCount "65"]
[EventDate "2014.??.??"]
[WhiteTeam "Segeberg"]
[BlackTeam "Doppelbauer Kiel"]

1. e4 e5 2. Nf3 Nc6 3. Bc4 Nf6 4. Ng5 d5 5. exd5 Na5 6. Bb5+ c6 7. dxc6 bxc6 8.
Bd3 h6 9. Ne4 Nxe4 10. Bxe4 Bc5 11. O-O O-O 12. d3 f5 13. Bf3 e4 14. Be2 Ba6
15. Nc3 Qe7 16. dxe4 Bxe2 17. Qxe2 Rae8 18. Qa6 Qe5 19. Be3 Bxe3 20. fxe3 Qc5
21. Qe2 Nc4 22. Rae1 Nxb2 23. Nd1 Nxd1 24. Rxd1 Rxe4 25. Rd3 Rfe8 26. Qh5 Qxc2
27. Rd7 R4e7 28. Rxa7 Qc5 29. Rxe7 Rxe7 30. Qxf5 Qxf5 31. Rxf5 Rxe3 32. Rc5 Ra3
33. Rxc6 1/2-1/2

[Event "Kieler Open 2014-A"]
[Site "Kiel"]
[Date "2014.08.05"]
[Round "6.37"]
[White "Rosmait, Emily"]
[Black "Kowalski, Ben Wito"]
[Result "1-0"]
[WhiteElo "1824"]
[BlackElo "1706"]
[Annotator "FS"]
[PlyCount "61"]
[EventDate "2014.??.??"]
[WhiteTeam "Harksheide"]
[BlackTeam "Stade"]

1. e4 e6 2. d3 d5 3. Nd2 Nf6 4. Ngf3 c5 5. g3 Nc6 6. Bg2 Be7 7. O-O O-O 8. Re1
Qc7 9. Nf1 dxe4 10. dxe4 Rd8 11. Qe2 e5 12. c3 Bg4 13. h3 Be6 14. Ng5 Qc8 15.
Nxe6 Qxe6 16. Ne3 Rd7 17. Nd5 Rad8 18. Bg5 h6 19. Be3 Bf8 20. Rad1 b6 21. Qf3
Be7 22. h4 Na5 23. Qe2 Nc6 24. Rd2 Kf8 25. Red1 Ke8 26. Qf1 Nd4 27. cxd4 cxd4
28. Bxd4 exd4 29. Bh3 Qxe4 30. Nxf6+ Bxf6 31. Re1 1-0

[Event "Kieler Open 2014-A"]
[Site "Kiel"]
[Date "2014.08.05"]
[Round "6.38"]
[White "Kiep, Fabian"]
[Black "von Koschitzky, Tilo"]
[Result "1-0"]
[WhiteElo "1708"]
[BlackElo "1825"]
[Annotator "FS"]
[PlyCount "53"]
[EventDate "2014.??.??"]
[WhiteTeam "Agon Neumünster"]
[BlackTeam "Doppelbauer Kiel"]

1. e4 c6 2. d4 d5 3. Nc3 dxe4 4. Nxe4 Nf6 5. Ng3 c5 6. Be3 cxd4 7. Qxd4 Qxd4 8.
Bxd4 Nc6 9. Bc5 Bd7 10. Bb5 b6 11. Ba3 a6 12. Bd3 b5 13. c3 Ne5 14. O-O-O Bc6
15. Bf1 a5 16. Bc5 Rc8 17. Bd4 Ned7 18. f3 e5 19. Bf2 g6 20. h4 h5 21. Kb1 Be7
22. Bd3 Nc5 23. Bc2 O-O 24. Nh3 Rcd8 25. Ng5 Rxd1+ 26. Rxd1 Rd8 27. Rxd8+ 1-0

[Event "Kieler Open 2014-A"]
[Site "Kiel"]
[Date "2014.08.05"]
[Round "6.39"]
[White "Jacobsen, Trond"]
[Black "Wenske, Hardy"]
[Result "1-0"]
[WhiteElo "1678"]
[BlackElo "1819"]
[Annotator "FS"]
[PlyCount "117"]
[EventDate "2014.??.??"]
[WhiteTeam "Oslo"]
[BlackTeam "Kieler SG"]

1. d4 d5 2. c4 c6 3. cxd5 cxd5 4. Nc3 Nf6 5. Bf4 Nc6 6. e3 e6 7. a3 Bd6 8. Bxd6
Qxd6 9. Nf3 O-O 10. Bd3 a6 11. O-O b5 12. b4 Bb7 13. Rc1 Rac8 14. Qb3 Rc7 15.
Bxb5 Rfc8 16. Bd3 Nb8 17. Qb2 Ne4 18. Bxe4 dxe4 19. Nd2 f5 20. Ne2 Nd7 21. Rxc7
Rxc7 22. Rc1 Rxc1+ 23. Qxc1 Qc6 24. Qb2 g5 25. Nb3 Qb5 26. Nc5 Nxc5 27. dxc5
Bd5 28. Nc1 Qa4 29. h3 Qd1+ 30. Kh2 f4 31. Qf6 Qxc1 32. Qxg5+ Kf7 33. Qxf4+ Kg6
34. Qg4+ Kf6 35. Qh4+ Kg6 36. Qg4+ Kf6 37. h4 Qxa3 38. Qg5+ Kf7 39. Qh5+ Kg7
40. Qe5+ Kg6 41. h5+ Kf7 42. Qc7+ Ke8 43. Qxh7 Qxb4 44. Qg6+ Kd7 45. Qg7+ Kc6
46. h6 Qb8+ 47. g3 Qe8 48. g4 Qb8+ 49. Kg2 Qb1 50. Qf8 Qd1 51. Kg3 Qg1+ 52. Kh4
Qh2+ 53. Kg5 Qe5+ 54. Kg6 Qa1 55. h7 Qg1 56. g5 Qg4 57. h8=Q Qf5+ 58. Qxf5 exf5
59. Kxf5 1-0

[Event "Kieler Open 2014-A"]
[Site "Kiel"]
[Date "2014.08.05"]
[Round "6.40"]
[White "Neumann, Frank"]
[Black "Röhl, Manfred"]
[Result "1-0"]
[WhiteElo "2028"]
[BlackElo "1823"]
[Annotator "FS"]
[PlyCount "67"]
[EventDate "2014.??.??"]
[WhiteTeam "Agon Neumünster"]
[BlackTeam "Bremen-Nord"]

1. d4 d5 2. c4 e6 3. Nf3 c6 4. Nc3 f5 5. g3 Bd6 6. Bf4 Nf6 7. Bxd6 Qxd6 8. c5
Qe7 9. Ne5 Nbd7 10. f4 Ne4 11. Nxe4 fxe4 12. Nxd7 Bxd7 13. e3 g6 14. Be2 Qd8
15. b4 b5 16. a4 a5 17. axb5 cxb5 18. bxa5 Rxa5 19. O-O O-O 20. Qd2 Ra4 21.
Rab1 Rc4 22. Bxc4 dxc4 23. Ra1 Bc6 24. Qb4 Qd5 25. Ra5 Rb8 26. Ra6 Qd7 27. Rfa1

[Event "Kieler Open 2014-A"]
[Site "Kiel"]
[Date "2014.08.06"]
[Round "7.1"]
[White "Malakhatko, Vadim"]
[Black "Lanka, Zigurds"]
[Result "1-0"]
[WhiteElo "2560"]
[BlackElo "2451"]
[PlyCount "75"]
[EventDate "2014.??.??"]
[BlackTeam "Schott Mainz"]

1. d4 Nf6 2. c4 e6 3. Nf3 Bb4+ 4. Nbd2 b6 5. a3 Bxd2+ 6. Qxd2 Bb7 7. e3 O-O 8.
Be2 Ne4 9. Qc2 f5 10. O-O Rf6 11. b3 Rh6 12. g3 d6 13. Bb2 Nd7 14. d5 e5 15.
Ne1 c6 $2 {(=) 0.46-0.20} 16. f3 Nxg3 17. hxg3 Qg5 18. Ng2 cxd5 {1.29-0.26} 19.
g4 fxg4 20. fxg4 g6 21. e4 dxe4 22. Bc1 e3 23. Bxe3 Rh1+ 24. Kxh1 Qxe3 25. Qd3
Qh6+ 26. Kg1 Nc5 27. Qe3 Qxe3+ 28. Nxe3 Nxb3 29. Rad1 Nd4 30. Rd2 Rc8 31. g5
Kg7 32. Bg4 Rc7 33. Nc2 Nf5 34. Bxf5 gxf5 35. Rxf5 Rxc4 36. Ne3 Rc3 37. Kf2 d5
38. Rxe5 {1.51-0.51} 1-0

[Event "Kieler Open 2014-A"]
[Site "Kiel"]
[Date "2014.08.06"]
[Round "7.2"]
[White "Koop, Thorben"]
[Black "Stopa, Jacek"]
[Result "1/2-1/2"]
[WhiteElo "2194"]
[BlackElo "2498"]
[PlyCount "81"]
[EventDate "2014.??.??"]
[WhiteTeam "Lingen"]

1. c4 e5 2. Nc3 Nf6 3. Nf3 Nc6 4. d3 d5 5. cxd5 Nxd5 6. e4 Nb6 7. Be3 Bg4 8.
Be2 Bxf3 9. Bxf3 Be7 10. O-O O-O 11. Rc1 Bg5 12. Nb5 Bf6 13. Qb3 Rb8 14. Rfd1
Nc8 15. Bg4 a6 16. Nc3 Nd6 17. a4 Bg5 18. Nd5 Kh8 19. Qc3 Bxe3 20. fxe3 f5 21.
Bf3 Qg5 22. Qe1 Rf7 23. b4 Rbf8 24. exf5 Nxf5 25. Be4 Nd6 26. Qg3 Qh5 27. Bf3
Qh6 28. Be4 Qe6 29. Rf1 Rxf1+ 30. Rxf1 Rxf1+ 31. Kxf1 Nxe4 32. dxe4 Nxb4 33.
Nxb4 Qc4+ 34. Kf2 Qxb4 35. Qxe5 Qf8+ 36. Ke2 Qc8 37. Qf5 Qe8 38. e5 Kg8 39. e6
Qe7 40. Qd5 Kf8 41. Qxb7 1/2-1/2

[Event "Kieler Open 2014-A"]
[Site "Kiel"]
[Date "2014.08.06"]
[Round "7.3"]
[White "Turner, Matthew J"]
[Black "Petri, Alexander"]
[Result "1-0"]
[WhiteElo "2483"]
[BlackElo "2164"]
[PlyCount "95"]
[EventDate "2014.??.??"]
[BlackTeam "Doppelbauer Kiel"]

1. c4 c5 2. g3 Nc6 3. Bg2 g6 4. Nc3 Bg7 5. e3 e6 6. Nge2 Nge7 7. d4 cxd4 8.
exd4 d5 9. cxd5 exd5 10. O-O O-O 11. Bg5 Be6 12. Nf4 Qd7 13. Re1 Nxd4 14. Bxe7
Qxe7 15. Ncxd5 Qd8 16. Nxe6 Nxe6 17. Qb3 Rb8 18. Qa3 a6 19. Rad1 Kh8 20. Qb4 b5
21. Qa3 a5 22. b4 axb4 23. Qxb4 Ra8 24. Nf4 Qa5 25. Qxa5 Rxa5 26. Nxe6 fxe6 27.
Re2 b4 28. Bh3 e5 29. Rd7 e4 30. Rxe4 Bc3 31. Ree7 Rh5 32. Bg4 Rh6 33. h4 Bf6
34. Re4 Bc3 35. f4 Rb8 36. Kg2 Rf8 37. Re6 Rb8 38. Bd1 Rf8 39. Kh3 Bf6 40. Rdd6
Kg7 41. Rxf6 Rxf6 42. Rxf6 Kxf6 43. g4 Ke6 44. g5 Rh5 45. Bg4+ Kd5 46. Bxh5
gxh5 47. f5 Ke5 48. f6 1-0

[Event "Kieler Open 2014-A"]
[Site "Kiel"]
[Date "2014.08.06"]
[Round "7.4"]
[White "Hofer, Emilian"]
[Black "Voloshin, Leonid"]
[Result "0-1"]
[WhiteElo "2197"]
[BlackElo "2403"]
[PlyCount "62"]
[EventDate "2014.??.??"]
[WhiteTeam "Jedesheim"]

1. e4 e5 2. Nf3 Nc6 3. Bb5 Nge7 4. O-O g6 5. c3 d6 6. h3 Bg7 7. d4 O-O 8. d5
Nb8 9. c4 c5 10. Bd2 h6 11. Bc3 f5 12. Nbd2 Nd7 13. Bxd7 Bxd7 14. b4 b6 15.
bxc5 bxc5 16. Ne1 f4 17. Nd3 Kh7 18. Rb1 g5 19. Nb3 f3 20. gxf3 Bxh3 21. Re1
Ng6 22. Kh2 Bc8 23. Rg1 g4 24. Rg3 Qh4+ 25. Kg1 gxf3 26. Nd2 Bg4 27. Qe1 Rf7
28. Nf1 Nf4 29. Nc1 Nh3+ 30. Kh1 Nxf2+ 31. Kg1 Nh3+ 0-1

[Event "Kieler Open 2014-A"]
[Site "Kiel"]
[Date "2014.08.06"]
[Round "7.5"]
[White "Simantsev, Mikhail"]
[Black "Voelzke, Ferdinand"]
[Result "1-0"]
[WhiteElo "2448"]
[BlackElo "2170"]
[PlyCount "89"]
[EventDate "2014.??.??"]
[BlackTeam "Turm Kiel"]

1. d4 Nf6 2. c4 g6 3. Nc3 Bg7 4. e4 d6 5. Nf3 O-O 6. h3 e5 7. d5 a5 8. g4 Na6
9. Be3 Kh8 10. Be2 Ng8 11. g5 f5 12. gxf6 Nxf6 13. Nd2 Ng8 14. Nf3 Bh6 15. Qd2
Bxe3 16. Qxe3 Rf4 17. O-O-O Bd7 18. Rdg1 Qe7 19. h4 Raf8 20. h5 gxh5 21. Ne1
Rh4 22. Bxh5 Rxh1 23. Rxh1 Qf6 24. f3 Qf4 25. Ng2 Qxe3+ 26. Nxe3 Nc5 27. Bg6
Nf6 28. Kd2 Rg8 29. Bf5 Bxf5 30. Nxf5 Rg2+ 31. Ke3 Rxb2 32. Rg1 Rh2 33. Rg7
Nfd7 34. Nb5 Nb6 35. f4 Nxc4+ 36. Kf3 exf4 37. Rxc7 h5 38. Nbxd6 Nxd6 39. Nxd6
Nd3 40. Nf7+ Kg8 41. e5 Ne1+ 42. Kxf4 Rf2+ 43. Ke4 Rxf7 44. d6 h4 45. d7 1-0

[Event "Kieler Open 2014-A"]
[Site "Kiel"]
[Date "2014.08.06"]
[Round "7.6"]
[White "Wichmann, Cliff"]
[Black "Schmidt, Peter"]
[Result "1-0"]
[WhiteElo "2361"]
[BlackElo "1924"]
[PlyCount "31"]
[EventDate "2014.??.??"]
[WhiteTeam "Nickelhütte Aue"]
[BlackTeam "Kieler SG"]

1. d4 Nf6 2. Nf3 c5 3. d5 e6 4. c4 b5 5. dxe6 fxe6 6. cxb5 d5 7. Nc3 a6 8. e4
d4 9. e5 Nfd7 10. Ne4 Bb7 11. Neg5 Bd5 12. Bd3 c4 13. Bxh7 Bb4+ 14. Kf1 axb5
15. Bg6+ Kf8 16. Nf7 1-0

[Event "Kieler Open 2014-A"]
[Site "Kiel"]
[Date "2014.08.06"]
[Round "7.7"]
[White "Rozycki, Bartlomiej"]
[Black "Kang, Chuanqi"]
[Result "0-1"]
[WhiteElo "2128"]
[BlackElo "2302"]
[PlyCount "62"]
[EventDate "2014.??.??"]
[WhiteTeam "KS Laura Chylice"]

1. e4 c5 2. Nf3 d6 3. d4 cxd4 4. Nxd4 Nf6 5. Nc3 a6 6. Be3 e5 7. Nb3 Be6 8. Be2
Be7 9. O-O Nbd7 10. f3 O-O 11. Nd5 Bxd5 12. exd5 Re8 13. Qd2 h6 14. Na5 Qc7 15.
c4 Nh7 16. Bd3 Ndf8 17. b4 Bg5 18. Bxg5 Nxg5 19. Rac1 e4 20. fxe4 Nxe4 21. Qf4
Ng6 22. Qg4 h5 23. Qf5 Re5 24. Qf3 Nd2 25. Qf2 Nxf1 26. Rxf1 Rae8 27. Qa7 R5e7
28. Bxg6 fxg6 29. h3 Re1 30. Qxb7 Rxf1+ 31. Kxf1 Qd8 0-1

[Event "Kieler Open 2014-A"]
[Site "Kiel"]
[Date "2014.08.06"]
[Round "7.8"]
[White "Bente, Björn"]
[Black "Nixdorf, André"]
[Result "1/2-1/2"]
[WhiteElo "2285"]
[BlackElo "1964"]
[PlyCount "93"]
[EventDate "2014.??.??"]
[WhiteTeam "Hamburg"]
[BlackTeam "Norderstedt"]

1. d4 d5 2. c4 c6 3. Nc3 Nf6 4. e3 Bf5 5. cxd5 cxd5 6. Qb3 Bc8 7. Nf3 Nc6 8.
Ne5 e6 9. f4 Be7 10. Bd3 O-O 11. O-O Nxe5 12. fxe5 Nd7 13. Qc2 g6 14. e4 Qb6
15. Bh6 Qxd4+ 16. Kh1 Rd8 17. exd5 Nxe5 18. Rad1 Qh4 19. Bf4 Nxd3 20. Qxd3 exd5
21. g3 Qh5 22. Nxd5 Rxd5 23. Qxd5 Qxd5+ 24. Rxd5 Be6 25. Rd2 Bxa2 26. Rc1 b5
27. h4 h5 28. Rc7 Bf8 29. Rdd7 Be6 30. Rd1 a5 31. Kh2 a4 32. Be3 b4 33. Ra7 Rc8
34. Rc1 Rxc1 35. Bxc1 Bb3 36. Ra8 Kg7 37. Be3 a3 38. bxa3 bxa3 39. Bd4+ f6 40.
Ra6 Be7 41. Ra7 Kf8 42. Rxe7 Kxe7 43. Bc5+ Ke6 44. Bxa3 Kf5 45. Bd6 g5 46. hxg5
fxg5 47. Bb8 1/2-1/2

[Event "Kieler Open 2014-A"]
[Site "Kiel"]
[Date "2014.08.06"]
[Round "7.9"]
[White "Uksini, Bardhyl"]
[Black "Van Voorthuijsen, Peewee"]
[Result "1/2-1/2"]
[WhiteElo "2063"]
[BlackElo "2206"]
[PlyCount "43"]
[EventDate "2014.??.??"]
[WhiteTeam "Hamburg"]
[BlackTeam "Amsterdam"]

1. d4 Nf6 2. c4 e6 3. Nf3 d5 4. cxd5 exd5 5. Nc3 c6 6. Bg5 Be7 7. Qc2 Nbd7 8.
e3 Nh5 9. Bxe7 Qxe7 10. Be2 g6 11. h3 Ng7 12. Bd3 Nb6 13. O-O f5 14. Ne5 O-O
15. Rae1 Ne6 16. a3 Nd7 17. f4 Nxe5 18. fxe5 Bd7 19. Ne2 c5 20. Nf4 Nxf4 21.
Rxf4 Rac8 22. Qd2 1/2-1/2

[Event "Kieler Open 2014-A"]
[Site "Kiel"]
[Date "2014.08.06"]
[Round "7.10"]
[White "Rulofs, Henrik"]
[Black "Franz, Karsten"]
[Result "1/2-1/2"]
[WhiteElo "1776"]
[BlackElo "2191"]
[PlyCount "111"]
[EventDate "2014.??.??"]
[WhiteTeam "Turm Kiel"]
[BlackTeam "Dresden-Leuben"]

1. e4 g6 2. Nf3 Bg7 3. d3 c5 4. Nbd2 Nc6 5. g3 d6 6. Bg2 e5 7. O-O Nge7 8. c3
O-O 9. a3 h6 10. Re1 Be6 11. Nf1 Qd7 12. Be3 f5 13. Qd2 Kh7 14. b4 b6 15. a4
cxb4 16. cxb4 f4 17. gxf4 exf4 18. Bxf4 Bxa1 19. Rxa1 Bg4 20. b5 Bxf3 21. Bxf3
Nd4 22. Bd1 Ng8 23. Rc1 Rac8 24. Rc4 Ne6 25. Bg3 Nf6 26. Bc2 d5 27. Rxc8 Qxc8
28. e5 Nd4 29. Bd1 Nh5 30. Ne3 Qc5 31. Ng4 g5 32. Kg2 Ne6 33. d4 Qxd4 34. Bc2+
Kg7 35. Qxd4 Nxd4 36. Bd1 Ne6 37. Kf1 Nhf4 38. Nf6 Rxf6 39. exf6+ Kxf6 40. h4
Ke5 41. hxg5 hxg5 42. Ke1 Kd4 43. Kd2 Nc5 44. Bc2 Kc4 45. Ke3 d4+ 46. Kf3 Kc3
47. Bf5 d3 48. Bxd3 Nfxd3 49. Bb8 Nxa4 50. Bxa7 Ne5+ 51. Ke4 Nf7 52. Kf5 Kd4
53. f4 gxf4 54. Kxf4 Nd6 55. Bxb6+ Nxb6 56. Kf3 1/2-1/2

[Event "Kieler Open 2014-A"]
[Site "Kiel"]
[Date "2014.08.06"]
[Round "7.11"]
[White "Chetverik, Maxim"]
[Black "Möller, Dustin"]
[Result "1-0"]
[WhiteElo "2254"]
[BlackElo "1819"]
[PlyCount "71"]
[EventDate "2014.??.??"]
[BlackTeam "Eckernförde"]

1. d4 Nf6 2. c4 g6 3. Nf3 Bg7 4. g3 O-O 5. Bg2 d6 6. O-O Nc6 7. d5 Na5 8. Nfd2
c5 9. a3 Nd7 10. Ra2 Ne5 11. b3 a6 12. a4 Bd7 13. Na3 Qc8 14. Bb2 Rb8 15. Qa1
Bh6 16. f4 Ng4 17. Nc2 f5 18. Bc3 b6 19. e3 Nf6 20. Qb2 Bg7 21. Raa1 Qc7 22.
Rfe1 e6 23. e4 exd5 24. cxd5 fxe4 25. Nxe4 Nh5 26. Bxg7 Nxg7 27. Nf6+ Rxf6 28.
Qxf6 Rf8 29. Qc3 c4 30. b4 Nb3 31. Ra3 Qc8 32. Re7 Rf7 33. Rxf7 Kxf7 34. Ne3 b5
35. axb5 axb5 36. Ra7 1-0

[Event "Kieler Open 2014-A"]
[Site "Kiel"]
[Date "2014.08.06"]
[Round "7.12"]
[White "Nonnenmacher, Thomas"]
[Black "Beeck, Mats"]
[Result "1-0"]
[WhiteElo "2174"]
[BlackElo "1897"]
[Annotator "FS"]
[PlyCount "85"]
[EventDate "2014.??.??"]
[WhiteTeam "Pinneberg"]
[BlackTeam "Doppelbauer Kiel"]

1. c4 Nf6 2. g3 g6 3. Bg2 Bg7 4. Nc3 O-O 5. d3 c5 6. e3 Nc6 7. Nge2 d6 8. O-O
Bd7 9. h3 a6 10. d4 Rb8 11. d5 Na5 12. b3 b5 13. cxb5 axb5 14. Bb2 b4 15. Nb1
Qc8 16. g4 Bb5 17. Nd2 Qa6 18. Re1 Rfc8 19. a3 bxa3 20. Rxa3 Qb6 21. Qa1 Nb7
22. Ng3 Ne8 23. Bxg7 Nxg7 24. Rc1 Nd8 25. Nc4 Qc7 26. Ne2 f5 27. Nc3 Bd7 28. g5
Rb4 29. f4 Rcb8 30. Qa2 Nf7 31. Qc2 Qd8 32. Rca1 Qe8 33. Na5 R4b6 34. Nc6 Bxc6
35. dxc6 e6 36. Ra7 d5 37. c7 Rc8 38. Bf1 Qe7 39. Nb5 Rc6 40. Ra8 R6xc7 41.
Nxc7 Qxc7 42. R1a7 Qd8 43. Qa2 1-0

[Event "Kieler Open 2014-A"]
[Site "Kiel"]
[Date "2014.08.06"]
[Round "7.13"]
[White "Meyers, Mark"]
[Black "Buchholz, Sebastian"]
[Result "0-1"]
[WhiteElo "2007"]
[BlackElo "2120"]
[Annotator "FS"]
[PlyCount "78"]
[EventDate "2014.??.??"]
[WhiteTeam "Heinsberg"]
[BlackTeam "Doppelbauer Kiel"]

1. Nf3 g6 2. c4 Bg7 3. g3 e5 4. Nc3 Ne7 5. Bg2 O-O 6. O-O Nbc6 7. d3 d6 8. Rb1
Bg4 9. b4 Qc8 10. Re1 f5 11. Nd5 Nxd5 12. cxd5 Ne7 13. Bg5 Qd7 14. Rc1 Rf7 15.
h3 Bh5 16. Bxe7 Qxe7 17. Rc4 g5 18. h4 h6 19. Qd2 Bf6 20. Rcc1 Rc8 21. Nh2 gxh4
22. gxh4 Rg7 23. Kh1 b5 24. Rc2 Bxh4 25. Qxh6 Bxe2 26. Qe3 Bh5 27. Qxa7 Bg5 28.
Qb7 Qd8 29. Rg1 c5 30. Qxb5 Bf4 31. Bh3 Bg4 32. Bxg4 fxg4 33. f3 g3 34. bxc5
Rb8 35. Qc4 gxh2 36. Rxg7+ Kxg7 37. Rg2+ Kf6 38. Qc2 Qa5 39. Rxh2 Qe1+ 0-1